000 00291nam a22001217a 4500
020 _a9789382226772
082 _a627.02
_bALE/AG
100 _aAlille,Alexandra
_91206
245 _aAgriculture and Water Management
260 _aNew Delhi
_bRandom Exports
_c2013
300 _a320
942 _cBK
999 _c14684
_d14684